000 00375nam a2200157Ia 4500
003 0STCL
008 150530s9999 xx 000 0 und d
040 _aSTCL
_cSTCL
100 _aMukherjee, D.P.; Banerjee, G.C.
245 _aGenetics and breeding of farm animals
260 _c1980
546 _aEnglish
942 _2ddc
_cBK
999 _c37380
_d37380
005 20220125170419.0